| 000 | 00799nmc a2200301 a 4500 | ||
|---|---|---|---|
| 003 | AR-BaBNM | ||
| 005 | 20251128203207.0 | ||
| 008 | 116019s1948 ||||||||||||||000 | spa|| | ||
| 040 | _cAR-BaBNM | ||
| 100 | 1 | _aSand, George | |
| 245 | 1 | 0 | _aElla y él |
| 260 |
_aBuenos Aires _bEmecé _c1948 |
||
| 300 | _a245 p. | ||
| 490 | 0 | _aBiblioteca Emecé de obras universales | |
| 500 | _aGeorge Sand es el seudónimo de Amandina Aurora Lucía Dupin | ||
| 650 | 4 | _aLITERATURA FRANCESA | |
| 650 | 4 | _aESCRITORES | |
| 650 | 4 | _aNOVELAS | |
| 650 | 4 | _aVIDA LITERARIA | |
| 650 | 4 | _aROMANTICISMO | |
| 650 | 4 | _aIDEALISMO | |
| 650 | 4 | _aSIGLO DIECINUEVE | |
| 655 | _aLITERATURA | ||
| 700 | 1 |
_aCánovas, Luis _etraductor |
|
| 700 | 1 |
_aBullrich, Silvina _eprologuista |
|
| 942 | _cBK | ||
| 998 | _cMARTIN | ||
| 999 |
_c2322 _d2322 |
||